|
|
|
|
| LEADER |
01628nam a2200373 i 4500 |
| 001 |
35094 |
| 003 |
BD-DhAAL |
| 005 |
20211118134255.0 |
| 008 |
190807t2016 enk b 001 0 eng d |
| 999 |
|
|
|c 40821
|d 40821
|
| 010 |
|
|
|a 2015019530
|
| 020 |
|
|
|a 9781138828711 (hbk : alk. paper)
|
| 020 |
|
|
|z 9781315738130 (ebk)
|
| 040 |
|
|
|a DLC
|b eng
|c DLC
|e rda
|d DLC
|d BD-DhAAL
|
| 042 |
|
|
|a pcc
|
| 050 |
0 |
0 |
|a NA2543.G46
|b E86 2016
|
| 082 |
0 |
0 |
|a 720.103
|2 23
|
| 245 |
0 |
0 |
|a Ethno-architecture and the politics of migration /
|c edited by Mirjana Lozanovska.
|
| 260 |
|
|
|a London ;
|a New York :
|b Routledge,Taylor & Francis Group,
|c c2016.
|
| 300 |
|
|
|a xvii, 241 pages ;
|c 24 cm.
|
| 490 |
0 |
|
|a The architext series
|
| 504 |
|
|
|a Includes bibliographical references and index.
|
| 526 |
|
|
|a ARC
|
| 541 |
|
|
|a Trim Education
|e 35094, 35095
|
| 650 |
|
0 |
|a Architecture and globalization.
|9 33340
|
| 650 |
|
0 |
|a Place (Philosophy) in architecture.
|9 33341
|
| 650 |
|
0 |
|a Cultural geography.
|9 33342
|
| 650 |
|
0 |
|a Emigration and immigration
|x Social aspects.
|9 33343
|
| 650 |
|
0 |
|a Architecture.
|9 42774
|
| 700 |
1 |
|
|a Lozanovska, Mirjana
|9 33344
|
| 852 |
|
|
|a Ayesha Abed Library
|c General Stacks
|
| 942 |
|
|
|2 ddc
|c BK
|
| 952 |
|
|
|0 0
|1 0
|2 ddc
|4 0
|6 720_103000000000000_ETH
|7 0
|9 65951
|a BRACUL
|b BRACUL
|c GEN
|d 2019-07-28
|e Trim Education
|g 8840.00
|l 0
|o 720.103 ETH
|p 3010035095
|r 2019-07-28
|t 2
|v 8840.00
|w 2019-07-28
|y BK
|x Transferred from ARC to BRACUL on 28/12/2023
|
| 952 |
|
|
|0 0
|1 0
|2 ddc
|4 0
|6 720_103000000000000_ETH
|7 0
|9 65952
|a BRACUL
|b BRACUL
|c GEN
|d 2019-07-28
|e Trim Education
|g 8840.00
|l 1
|o 720.103 ETH
|p 3010035094
|r 2021-12-23
|s 2021-12-15
|t 1
|v 8840.00
|w 2019-07-28
|y BK
|